| 000 | 00842nam a22002777a 4500 | ||
|---|---|---|---|
| 001 | 0011620 | ||
| 003 | DO-SdBNP | ||
| 005 | 20240417132704.0 | ||
| 007 | 0011620 | ||
| 008 | 161013b2006 uy| 00| 0 spa d | ||
| 020 | _a9974791448 (o.c.) | ||
| 040 |
_aBPMSU _bspa _cBPMSU |
||
| 082 | 4 |
_a420 _bI68i 2006 _222 |
|
| 100 | 1 | _aIribareen, Mario | |
| 245 | 1 | 0 |
_aInglés fácil para todos / _credacción Mario Iribarren |
| 246 | 1 | 4 | _aCurso práctico autodidacta para todos |
| 260 |
_aMontevideo : _bArquetipo Grupo Editorial, _c2006. |
||
| 300 |
_a360 p. : _bil., _c28 cm. |
||
| 590 | _aInventariado, 2024/VM | ||
| 650 | 4 |
_aInglés _xEnseñanza |
|
| 650 | 4 |
_aInglés _xComposición y ejercicios |
|
| 910 | _aValidado. Control de calidad MFF | ||
| 942 |
_2ddc _cBK |
||
| 945 | _aInventario / 2017 VM | ||
| 956 |
_aBTAVÁREZ _b10 _c20161013 _d0011620 |
||
| 999 |
_c11564 _d11564 |
||